000 00968aab a2200241 i 4500
001 768714001
003 CO-MdFUSB
005 20240808081635.0
008 240808t1998 -us||||| |||| 00| 0 eng d
040 _bspa
_cCO-MdFUSB
041 _aeng
100 1 _aZago, Marcello
_eautor
245 1 0 _aMission and interreligious dialogue
_c/ Marcello Zago, O.M.I.
520 _aEn este artículo se analiza la historia del diálogo ecuménico, donde se demuestra que el diálogo es una actividad específica, complementaria de la proclamación y de la formación de las comunidades.
546 _aTexto en inglés.
650 0 _aEvangelización
_9362
650 0 _aConversión
_9950
650 0 _a Ecumenismo
_xHistoria
_91146
650 7 _aAntropología cultural y social
_96714
773 0 _tInternational Bulletin
_049483
_961005
_gVolumen 22, (número 3, 1998), páginas: 98 - 101
_qpágina: 98
942 _cANA
945 _aCatherine Arias Álvarez - Practicante SENA
999 _c57323
_d57323